| 000 | 00852nam a2200241 i 4500 | ||
|---|---|---|---|
| 001 | 73112 | ||
| 003 | ES-MaACL | ||
| 005 | 20250722112209.0 | ||
| 007 | t| | ||
| 008 | 040906s1921 sp ||||1| spa d | ||
| 100 | 1 |
_aGómez Carrillo, Enrique, _d1873-1927 _957861 |
|
| 245 | 1 | 3 |
_aEl encanto de Buenos Aires / _cEnrique Gómez Carrillo. |
| 260 |
_aMadrid : _bMundo Latino, _c1921 ( _fYagües) |
||
| 300 |
_a241 p. ; _c20 cm. |
||
| 490 | 1 |
_aObras completas ; _v19 |
|
| 530 | _aDisponible en formato digital. | ||
| 651 | 4 |
_aBuenos Aires (Argentina)- _xDescripción. _9165188 |
|
| 830 | 0 |
_aObras completas ; _v19 _9176447 |
|
| 852 |
_aES-MaACL _jB-4228 _cSPB _zRevisado enlace: 22 de julio de 2025 |
||
| 856 | 4 |
_uhttp://bdh-rd.bne.es/viewer.vm?id=0000081674&page=1 _yBiblioteca Digital Hispánica |
|
| 942 | _2udc | ||
| 999 |
_c73112 _d73112 |
||